LEADER 01485nam 2200349Ia 450 001 996394216103316 005 20200824121727.0 035 $a(CKB)4940000000115054 035 $a(EEBO)2240930861 035 $a(UnM)99897271e 035 $a(UnM)99897271 035 $a(EXLCZ)994940000000115054 100 $a19981207d1682 uy | 101 0 $aeng 135 $aurbn||||a|bb| 200 10$aEben-ezer$b[electronic resource] $eA thankful memorial of God's mercy in preserving England from the Gunpowder-Treason, 1605. Being a sermon on 1 Sam. 7.12. Prepared for Novemb. 5th, to be preacht at the cathedral; but preacht for the most part of it at the parish-church of Temple, in the city of Bristol, on the 6th of Novemb. being the Lords day. By John Chetwynd, M.A. prebend of the cathedral, and vicar of Temple, in the city of Bristol 210 $aLondon $cprinted for Tho. Parkhurst, at the Bible and Three Crowns in Cheapside, near Mercers-Chappel$d1682 215 $a44 p 300 $aReproduction of original in the Columbia University Library. 330 $aeebo-0027 606 $aGunpowder Plot, 1605$vSermons$vEarly works to 1800 606 $aSermons, English$y17th century 615 0$aGunpowder Plot, 1605 615 0$aSermons, English 700 $aChetwynd$b John$f1623-1692.$01002225 801 0$bCu-RivES 801 1$bCu-RivES 801 2$bWaOLN 906 $aBOOK 912 $a996394216103316 996 $aEben-ezer$92318003 997 $aUNISA LEADER 01429nam 2200397z- 450 001 9910689412103321 005 20161209101137.0 035 $a(CKB)5860000000036444 035 $a(BIP)008677242 035 $a(EXLCZ)995860000000036444 100 $a20220406c2001uuuu -u- - 101 0 $aeng 200 10$aWildland firefighters pay $eare there inequities? : hearing before the Subcommittee on the Civil Service of the Committee on Government Reform, House of Representatives, One Hundred Sixth Congress, second session, September 26, 2000 215 $a1 online resource (iii, 90 p.) 311 $a0-16-066369-5 517 $aWildland Firefighters Pay 606 $aWildfire fighters$xSalaries, etc$zUnited States 606 $aForest fire fighters$xSalaries, etc$zUnited States 606 $aFire management$zUnited States 606 $aOvertime$xGovernment policy$zUnited States 610 $aForest fires 610 $aFire fighters 610 $aHours of labor 610 $aManagement 610 $aNature 610 $aTechnology & engineering 610 $aPolitical science 610 $aBusiness & economics 615 0$aWildfire fighters$xSalaries, etc. 615 0$aForest fire fighters$xSalaries, etc. 615 0$aFire management 615 0$aOvertime$xGovernment policy 906 $aBOOK 912 $a9910689412103321 996 $aWildland firefighters pay$93206026 997 $aUNINA